Štrukturálne reformy na Slovensku sú nutné. Sú ale aj možné?
Štrukturálne výzvy a možnosť ich splnenia na Slovensku. Nevyhovujúce ekonomické podmienky a stagnujúca produktivita oproti priemeru Európskej únie. Zlyhávanie úverov podnikom na Slovensku. Ťažkosti so splácaním. Inovácie a posilnenie inovačného potenciálu Slovenska. Udržateľnosť verejných financií.
Saved in:
| Format: | Book Chapter |
|---|---|
| Language: | Slovak |
| Subjects: | |
| Tags: |
No Tags, Be the first to tag this record!
|
MARC
| LEADER | 00000naa a2200000 4500 | ||
|---|---|---|---|
| 001 | 0274792 | ||
| 005 | 20210609100433.0 | ||
| 041 | 0 | |a slo | |
| 044 | |a CZ | ||
| 245 | 1 | 0 | |a Štrukturálne reformy na Slovensku sú nutné. Sú ale aj možné? |
| 520 | |a Štrukturálne výzvy a možnosť ich splnenia na Slovensku. Nevyhovujúce ekonomické podmienky a stagnujúca produktivita oproti priemeru Európskej únie. Zlyhávanie úverov podnikom na Slovensku. Ťažkosti so splácaním. Inovácie a posilnenie inovačného potenciálu Slovenska. Udržateľnosť verejných financií. | ||
| 610 | 2 | 0 | |a reformy štruktúrne |
| 610 | 2 | 0 | |a Slovensko |
| 610 | 2 | 0 | |a inovácia |
| 610 | 2 | 0 | |a financie verejné |
| 610 | 2 | 0 | |a pandémia |
| 610 | 2 | 0 | |a koronavírus |
| 610 | 2 | 0 | |a úver |